<?xml version="1.0" encoding="UTF-8"?>
<record
    xmlns:xsi="http://www.w3.org/2001/XMLSchema-instance"
    xsi:schemaLocation="http://www.loc.gov/MARC21/slim http://www.loc.gov/standards/marcxml/schema/MARC21slim.xsd"
    xmlns="http://www.loc.gov/MARC21/slim">

  <leader>01192nam a22002057a 4500</leader>
  <controlfield tag="005">20220427104309.0</controlfield>
  <controlfield tag="008">211009b           ||||| |||| 00| 0 eng d</controlfield>
  <datafield tag="020" ind1=" " ind2=" ">
    <subfield code="a">9781780220383</subfield>
  </datafield>
  <datafield tag="040" ind1=" " ind2=" ">
    <subfield code="c">AL</subfield>
  </datafield>
  <datafield tag="041" ind1=" " ind2=" ">
    <subfield code="a">eng</subfield>
  </datafield>
  <datafield tag="082" ind1=" " ind2=" ">
    <subfield code="2">23</subfield>
    <subfield code="a">813.54</subfield>
    <subfield code="b">DICD</subfield>
  </datafield>
  <datafield tag="100" ind1=" " ind2=" ">
    <subfield code="a">Philip K Dick</subfield>
    <subfield code="9">1045</subfield>
  </datafield>
  <datafield tag="245" ind1=" " ind2=" ">
    <subfield code="a">Do androids dream of electric sheep</subfield>
  </datafield>
  <datafield tag="260" ind1=" " ind2=" ">
    <subfield code="a">London</subfield>
    <subfield code="b">Weidenfeld and Nicolson</subfield>
    <subfield code="c">2012</subfield>
  </datafield>
  <datafield tag="300" ind1=" " ind2=" ">
    <subfield code="a">x,193p.</subfield>
    <subfield code="b">PB</subfield>
    <subfield code="c">19.5x12.7cm</subfield>
  </datafield>
  <datafield tag="365" ind1=" " ind2=" ">
    <subfield code="2">General</subfield>
    <subfield code="a">2791</subfield>
    <subfield code="b">&#x20B9;879.00</subfield>
    <subfield code="c">&#x20B9;</subfield>
    <subfield code="d">&#x20B9;1099.00</subfield>
    <subfield code="e">20%</subfield>
    <subfield code="f">05-10-2021</subfield>
  </datafield>
  <datafield tag="520" ind1=" " ind2=" ">
    <subfield code="a">World War Terminus had left the Earth devastated. Through its ruins, bounty hunter Rick Deckard stalked, in search of the renegade replicants who were his prey. When he wasn't 'retiring' them with his laser weapon,
he dreamed of owning a live animal - the ultimate status symbol in a world all but bereft of animal life.
Then Rick got his chance: the assignment to kill six Nexus-6 targets, for a huge reward. But in Deckard's world things were never that simple, and his assignment quickly turned into a nightmare kaleidoscope of subterfuge and deceit - and the threat of death for the hunter rather than the hunted.</subfield>
  </datafield>
  <datafield tag="650" ind1=" " ind2=" ">
    <subfield code="2">American fiction</subfield>
  </datafield>
  <datafield tag="942" ind1=" " ind2=" ">
    <subfield code="2">ddc</subfield>
    <subfield code="c">BK</subfield>
  </datafield>
  <datafield tag="999" ind1=" " ind2=" ">
    <subfield code="c">216544</subfield>
    <subfield code="d">216544</subfield>
  </datafield>
  <datafield tag="952" ind1=" " ind2=" ">
    <subfield code="0">0</subfield>
    <subfield code="1">0</subfield>
    <subfield code="2">ddc</subfield>
    <subfield code="4">0</subfield>
    <subfield code="7">0</subfield>
    <subfield code="8">MAENG</subfield>
    <subfield code="a">SACPG</subfield>
    <subfield code="b">SACPG</subfield>
    <subfield code="d">2021-10-09</subfield>
    <subfield code="e">Biblios Book Point</subfield>
    <subfield code="g">879.00</subfield>
    <subfield code="l">4</subfield>
    <subfield code="o">813.54 DICD</subfield>
    <subfield code="p">PG023462</subfield>
    <subfield code="r">2023-11-07 00:00:00</subfield>
    <subfield code="s">2023-10-27</subfield>
    <subfield code="v">1099.00</subfield>
    <subfield code="w">2021-10-09</subfield>
    <subfield code="y">BK</subfield>
  </datafield>
  <datafield tag="952" ind1=" " ind2=" ">
    <subfield code="0">0</subfield>
    <subfield code="1">0</subfield>
    <subfield code="2">ddc</subfield>
    <subfield code="4">0</subfield>
    <subfield code="7">0</subfield>
    <subfield code="8">MAENG</subfield>
    <subfield code="a">SACPG</subfield>
    <subfield code="b">SACPG</subfield>
    <subfield code="d">2021-10-09</subfield>
    <subfield code="e">Biblios Book Point</subfield>
    <subfield code="g">879.00</subfield>
    <subfield code="l">5</subfield>
    <subfield code="o">813.54 DICD</subfield>
    <subfield code="p">PG023463</subfield>
    <subfield code="r">2025-06-27 14:10:42</subfield>
    <subfield code="s">2025-04-05</subfield>
    <subfield code="v">1099.00</subfield>
    <subfield code="w">2021-10-09</subfield>
    <subfield code="y">BK</subfield>
  </datafield>
</record>
